00261nam a2200097Ia 4500008004100000020001800041100002400059245001700083260003800100300002500138220920s9999 xx 000 0 und d a9781431410491 aBOSSENBROEK, Martin 4aThe Boer War bSouth Africa: Jacana Media, 2015. a446p. Includes index